000 00932nam2a2200265 4500
001 RU\NLR\bibl\1410040
005 20250615211125.0
010 _a978-5-94587-274-5
_93000
021 _aRU
_b2009-52791
_93247
035 _a(NLR Aleph) 001402024
090 _a1228476
_c1228476
100 _a20090910d2008 |||y0rusy50 ca
101 0 _arus
102 _aRU
105 _aac |||||||||
200 1 _aБоги творят народы
210 _d2008
_aБ. м.
215 _a479 с.
_cил., портр.
320 _aБиблиогр.: с. 468-476
461 0 _1001RU\NLR\bibl\1412956
_12001#$aНаследие вождей Атлантиды$vТ. 2
_91246002
_aПисков, А. П.
_cЭлиста
_d2008
_fАлександр Писков
_nДжангар
_tНаследие вождей Атлантиды
_vТ. 2
801 0 _aRU
_bNLR
_c20090910
_gRCR
801 1 _aRU
_bNLR
_c20090910
942 _cBOOK
980 _aNB